000 00687nam a2200253Ia 4500
003 OSt
005 20220918174609.0
006 a|||||r|||| 00| 0
007 ta
008 220917b |||||||| |||| 00| 0 eng d
024 _a13,044
037 _cTextual
040 _aARTS
_cARTS
_beng
041 _2eng
_aeng
082 _aN56,Ma, M0
100 _aRobinson Duncan
_951049
245 0 _aMorris and company in Cambridge
260 _aCambridge
_bCambridge Univ Press
_c1980
300 _axiii, 113p.
_ccm.
650 _aARTS
700 _a Wildman Stephen
_951050
942 _hN56,Ma, M0
_cTEXL
_2CC
999 _c153866
_d153866